00972nam a22002057a 4500003000900000008004100009020001500050040007100065082001900136100001300155245005500168260005500223300004900278440003100327505024200358650003800600650002500638650005800663650004500721AR-CdUCM190306b ||||| |||| 00| 0 spa d a968161965X aMUNICIPALIDAD PROVINCIAL DEL CUSCOcBIBLIOTECA MUNICIPAL DEL CUSCO a869.1 /bAU88  aAub, Max aGuía de narradores de la revolución mexicana / aMéxico : bFondo de Cultura Económica, c1969. a143 páginas ; bfotografías ; c20.5 cm. aLecturas mexicanas n : 97 aContenido: Guía de narradores de la revolución mexicana -- Notas acerca de los escritores más importantes de la época -- Heriberto Frías -- Mariano Azuela -- Martín Luis Guzmán -- Rafael F. Muñoz -- José Vasconcelos ... aNarrativa - Revolución mexicana aNarradores mexicanos aRevolución mexicana - Interpretación - Literatura aNarradores de la revolución - México